Efectos de los diferentes criterios de valución en la determinación de los resultados (Registro nro. 17227)
[ vista simple ]
| 000 -LEADER | |
|---|---|
| fixed length control field | 00431 a2200121 4500 |
| 001 - CONTROL NUMBER | |
| control field | ART_2254 |
| 005 - DATE AND TIME OF LATEST TRANSACTION | |
| control field | 20260410161724.0 |
| 008 - FIXED-LENGTH DATA ELEMENTS--GENERAL INFORMATION | |
| fixed length control field | 260409a |
| 100 1# - MAIN ENTRY--PERSONAL NAME | |
| Personal name | Samitier, María C. D. de |
| 245 10 - TITLE STATEMENT | |
| Title | Efectos de los diferentes criterios de valución en la determinación de los resultados |
| 700 1# - ADDED ENTRY--PERSONAL NAME | |
| Personal name | Paillet, Eduardo B. A. |
| 773 0# - HOST ITEM ENTRY | |
| Title | Administración de empresas |
| Related parts | - Año XVIII, Nº 206 (may. 1987) |
| Record control number | REV2036 |
No hay ítems disponibles.